| 000 | 00946cam a2200277 i 4500 | ||
|---|---|---|---|
| 001 | 61370 | ||
| 003 | Mx-PuUPA | ||
| 005 | 20240213094719.0 | ||
| 008 | 140717s2013 mx a gr 000 0 spa d | ||
| 020 | _a9786077852322 | ||
| 040 |
_aMx-PuUPA _bspa _cMx-PuUPA _dMx-PuUPA _erda |
||
| 041 | 0 | _aspa | |
| 245 | 0 | 3 |
_aLa otra iglesia imposible / _cFederico Müggenburg, compilador |
| 250 |
_a1a. edición / _bnoviembre |
||
| 264 | 1 |
_aMorelia, Mich. : _bEdiciones Papiro Omega, _c2013 |
|
| 300 |
_a276 páginas : _bilustraciones ; _c19 cm |
||
| 336 |
_atexto _2rdacontent _btxt |
||
| 337 |
_asin medio _2rdamedia _bn |
||
| 338 |
_avolumen _2rdacarrier _bnc |
||
| 650 | 7 |
_aTeología de la liberación _2armarc |
|
| 700 | 1 |
_aMüggenburg, Federico, _ecompilador _915336 |
|
| 942 |
_2ddc _cLI _h230.0464 _iO888 |
||
| 999 |
_c61370 _d61370 |
||